Les troisièmes lignes - rugbymen par images. - Statistiques

Statistiques générales
  • Ce quiz a été pris 74 fois
  • Le résultat moyen est 12 sur 20
Statistiques - réponses
Par images Hint Réponse % Correct
Charles Ollivon
100%
Grégory Alldritt
97%
Siya Kolisi
95%
Jack Willis
90%
Levani Botia
89%
Josh van der Flier
86%
Ardie Savea
75%
Pieter-Steph du Toit
68%
Marcos Kremer
63%
Hamish Watson
57%
Michael Hooper
56%
Sam Cane
56%
Ben Earl
52%
Tevita Tatafu
52%
Michele Lamaro
40%
Sebastian Negri
33%
Beka Gorgadze
32%
Rob Valetini
29%
Matt Fagerson
25%
Jac Morgan
21%
Aucun quiz correspondant
Distribution des résultats
% des personnes avec chaque résultat
Percentile par nombre de réponses
Votre historique - résultats
Vous n’avez pas pris ce quiz